<?xml version="1.0" encoding="UTF-8"?>
<record
    xmlns:xsi="http://www.w3.org/2001/XMLSchema-instance"
    xsi:schemaLocation="http://www.loc.gov/MARC21/slim http://www.loc.gov/standards/marcxml/schema/MARC21slim.xsd"
    xmlns="http://www.loc.gov/MARC21/slim">

  <leader>00870cam a2200229 i 4500</leader>
  <datafield tag="999" ind1=" " ind2=" ">
    <subfield code="c">7264</subfield>
    <subfield code="d">7264</subfield>
  </datafield>
  <controlfield tag="003">OSt</controlfield>
  <controlfield tag="005">20191120113908.0</controlfield>
  <controlfield tag="008">191120e201805  spc ||| |     001 0bcat|d</controlfield>
  <datafield tag="020" ind1=" " ind2=" ">
    <subfield code="a">9788498839654</subfield>
  </datafield>
  <datafield tag="040" ind1=" " ind2=" ">
    <subfield code="b">cat</subfield>
    <subfield code="c">CDMR</subfield>
  </datafield>
  <datafield tag="100" ind1="1" ind2=" ">
    <subfield code="a">Ferrer i Puig, Jaume,</subfield>
  </datafield>
  <datafield tag="245" ind1="1" ind2="0">
    <subfield code="a">Josep Maria Poblet</subfield>
    <subfield code="b">: periodisme i acci&#xF3; : un intel&#xB7;lectual catalanista en el Montblanc d'entreguerres (1914-1936)</subfield>
    <subfield code="c">/Jaume Ferrer i Puig</subfield>
  </datafield>
  <datafield tag="264" ind1=" " ind2="1">
    <subfield code="a">Barcelona :</subfield>
    <subfield code="b">Publicacions de l'Abadia de Montserrat,</subfield>
    <subfield code="c">2018</subfield>
  </datafield>
  <datafield tag="300" ind1=" " ind2=" ">
    <subfield code="a">316 p. </subfield>
    <subfield code="c">19 cm</subfield>
  </datafield>
  <datafield tag="600" ind1="1" ind2="7">
    <subfield code="a">Poblet, Josep M.</subfield>
    <subfield code="q">(Josep Maria),</subfield>
    <subfield code="d">1897-1980</subfield>
    <subfield code="x">Biografia</subfield>
    <subfield code="2">lemac</subfield>
  </datafield>
  <datafield tag="650" ind1=" " ind2="7">
    <subfield code="a">Periodistes</subfield>
    <subfield code="z">Catalunya</subfield>
    <subfield code="x">Biografia</subfield>
    <subfield code="2">lemac</subfield>
  </datafield>
  <datafield tag="650" ind1=" " ind2="7">
    <subfield code="a">Periodisme</subfield>
    <subfield code="z">Catalunya</subfield>
    <subfield code="x">Hist&#xF2;ria</subfield>
    <subfield code="y">S. XX</subfield>
    <subfield code="2">lemac</subfield>
  </datafield>
  <datafield tag="651" ind1=" " ind2="4">
    <subfield code="a">Montblanc (Catalunya)</subfield>
    <subfield code="x">Hist&#xF2;ria</subfield>
    <subfield code="y">S. XX</subfield>
  </datafield>
  <datafield tag="940" ind1=" " ind2=" ">
    <subfield code="a">BMON</subfield>
  </datafield>
  <datafield tag="942" ind1=" " ind2=" ">
    <subfield code="c">MON</subfield>
    <subfield code="2">udc</subfield>
  </datafield>
  <datafield tag="949" ind1=" " ind2=" ">
    <subfield code="a">10301000203954</subfield>
    <subfield code="b">D 29-7-35</subfield>
    <subfield code="c">1</subfield>
    <subfield code="d">0</subfield>
    <subfield code="f">13.06.19</subfield>
    <subfield code="k">1000</subfield>
  </datafield>
  <datafield tag="952" ind1=" " ind2=" ">
    <subfield code="0">0</subfield>
    <subfield code="1">0</subfield>
    <subfield code="4">0</subfield>
    <subfield code="7">0</subfield>
    <subfield code="a">CDMR</subfield>
    <subfield code="b">CDMR</subfield>
    <subfield code="d">2019-11-20</subfield>
    <subfield code="e">Donaci&#xF3;</subfield>
    <subfield code="g">18.00</subfield>
    <subfield code="l">0</subfield>
    <subfield code="o">Du 1/145</subfield>
    <subfield code="p">CDMR19110008</subfield>
    <subfield code="r">2019-11-20</subfield>
    <subfield code="v">18.00</subfield>
    <subfield code="w">2019-11-20</subfield>
    <subfield code="y">MON</subfield>
  </datafield>
</record>
